[Event "It (open)"]
[Site "masterchessopen.com Bad Wiessee (Germany)"]
[Date "2005.11.06"]
[Round "9"]
[White "Braun Arik (GER)"]
[Black "Landa Konstantin (RUS)"]
[Result "1-0"]
[WhiteElo "2465"]
[BlackElo "2600"]

1.d4 Nf6 2.c4 e6 3.Nc3 Bb4 4.Qc2 d5 5.a3 Bxc3+ 6.Qxc3 Ne4 7.Qc2 c5 8.dxc5 Nc6
9.Nf3 Qa5+ 10.Nd2 Nd4 11.Qd1 Bd7 12.b4 Qa4 13.Nxe4 Nc2+ 14.Kd2 Nxa1 15.Nd6+
Ke7 16.Qxa4 Bxa4 17.Kc3 a5 18.cxd5 b6 19.e4 axb4+ 20.axb4 bxc5 21.bxc5 Rhb8
22.Bc4 Nb3 23.Bg5+ f6 24.Be3 Na5 25.Ra1 Nxc4 26.Nxc4 Rb3+ 27.Kd2 Bc6 28.Rxa8
Bxa8 29.c6 exd5 30.exd5 Rb5 31.Nb6 Bxc6 32.dxc6 Kd6 33.Nc8+ Kc7 34.Ne7 g5
35.Bd4 f5 36.Kd3 Ra5 37.Kc4 Kd6 38.Bb6 Ra8 39.Bc5+ Kc7 40.Kd5 Rd8+ 41.Ke6 f4
42.Bb4 Kb6 43.c7 {#r} 1-0

[Event "Ch World (team)"]
[Site "masterchessopen.com Beer-Sheva (Israel)"]
[Date "2005.11.10"]
[Round "9"]
[White "Bareev Evgeny (RUS)"]
[Black "Zhang Zhong (SIN)"]
[Result "1-0"]
[WhiteElo "2675"]
[BlackElo "2598"]

{ Bareev Evgeny (RUS) +1 =0 -1 Zhang Zhong (CHN) +0 =1 -0 } 1.d4 Nf6 2.c4 e6
3.Nc3 Bb4 4.Qc2 d5 5.a3 Bxc3+ 6.Qxc3 Ne4 7.Qc2 c5 8.dxc5 Nc6 9.cxd5 ( 9.Nf3
Qa5+ 10.Nd2 Nd4 11.Qd3 e5 12.b4 Qa4 13.Ra2 Nxd2 14.Rxd2 Bf5 15.Qe3 O-O-O 16.g4
Qc2 17.Rxd4 exd4 18.Qd2 Qxd2+ 19.Bxd2 Be4 20.f3 Bg6 21.cxd5 Rxd5 22.Bg2 f6
23.Kf2 h5 24.Bf4 Bc2 25.h4 Re8 26.Rc1 Ba4 27.gxh5 Rxh5 28.Bg3 Re3 { ...0-1,
Bareev Evgeny 2675 - Ivanchuk Vassily 2695 , Novgorod 1994 It (cat.19) } )
9...exd5 10.Nf3 Bf5 ( 10...Qa5+ 11.Bd2 Qxc5 12.Qxc5 Nxc5 13.Rd1 Be6 14.e3 O-O
15.Bb5 Rfc8 16.O-O h6 17.h3 Rc7 18.Rc1 Nb3 19.Rc3 Nxd2 20.Nxd2 Rcc8 21.Bxc6
bxc6 22.Rfc1 Rcb8 23.b3 Bd7 24.Nf3 a5 25.Nd4 Ra6 26.f3 Kf8 27.Kf2 Ke7 28.Ke2
Kd6 29.Kd2 Re8 30.Ke2 { ...1/2-1/2, Khalifman Alexander 2655 - Yudasin Leonid
2630 , Vilnius 1995 Cup European Club } ) 11.b4 O-O ( 11...d4 12.Qb2 O-O 13.b5
Qa5+ 14.Bd2 Nxd2 15.Nxd2 Qc3 16.Qxc3 dxc3 17.Nb3 Be6 18.bxc6 Bxb3 19.cxb7 Rab8
20.Rc1 c2 21.e3 Rxb7 22.Bd3 Ba4 23.Be4 Rb2 24.Kd2 Rc8 25.c6 f5 26.Bxf5 Rxc6
27.Be4 Rd6+ 28.Ke2 Rd1 29.Re1 Bb5+ 30.Kf3 Rxe1 31.Rxe1 { ...0-1, Belov
Vladimir 2552 - Lautier Joel 2682 , Moscow 20. 2.2004 It (open) "Aeroflot" } )
12.Bb2 ( 12.Qb2 a5 13.b5 Ne7 14.Be3 a4 15.Bd4 Qa5+ 16.Qb4 Rfc8 17.Nd2 Qxb4
18.axb4 a3 19.f3 Nxd2 20.Kxd2 Ra4 21.Kc3 a2 22.e3 Bb1 23.g4 Ng6 24.b6 Ra3+
25.Kb2 Raa8 26.Be2 Ne7 27.b5 Ra4 28.Rc1 Rca8 29.Rc3 Re8 30.c6 { 1-0,
Ivanisevic Ivan 2555 - Mitkov Marjan 2408 , Skopje 2002 It (open) } ) 12...Re8
{ ? ?/± } ( 12...b6 13.b5 bxc5 14.bxc6 Rb8 15.Nd2 d4 16.Nxe4 Bxe4 17.Qd2 Qb6
18.Bc1 c4 19.c7 Rb7 20.f3 Bg6 21.h4 h5 22.g4 c3 23.Qf4 d3 24.exd3 Re8+ 25.Be2
Rxc7 26.Kf1 Rce7 27.Rh2 Rxe2 28.Rxe2 Bxd3 29.Ra2 Qe6 30.Kf2 Bxe2 31.Qe3 Qc6
32.Qf4 { ...0-1, Gurevich Mikhail 2605 - Sokolov Andrei 2525 , Clichy 1993 It
} ) 13.Qb3 { N } ( 13.Rd1 b6 14.e3 bxc5 15.Bb5 Qb6 ( 15...Re6 16.Qb3 Ne7
17.Be2 Bg4 18.h3 Bh5 19.O-O Rb8 20.Ba1 Qf8 21.Qa4 Rg6 22.Rfe1 Bxf3 23.Bxf3 Ng5
24.Bg4 h5 25.Bxh5 Nxh3+ 26.Kf1 Rh6 27.Bf3 Ng5 28.Bxd5 cxb4 29.axb4 Rh1+ 30.Ke2
Rh4 31.f4 Nxd5 32.Rxd5 Ne4 { ...0-1, Macieja Bartlomiej 2593 - Aronian Levon
2724 , Merida 28. 8.2005 Ch Spain (team) (Honor div1) } ) 16.Qa4 Rac8 17.Rxd5
Be6 18.Bxc6 Qxc6 19.Qxc6 Rxc6 20.Re5 Bd7 21.bxc5 Rxc5 22.Rxc5 Nxc5 23.O-O Nd3
24.Bd4 a6 25.Rb1 f6 26.Ba7 Bb5 27.Nd4 Rc8 28.g4 Rc3 29.Ra1 Bd7 30.h3 h5
31.gxh5 Bxh3 32.Kh2 Bd7 { ...1/2-1/2, Ivanchuk Vassily 2731 - Topalov Veselin
2733 , Monaco 2001 It "Melody Amber" (active) } ) 13...Na5 { +0.00 CAP }
14.Qd1 Nc4 15.Qd4 Nf6 { ?! } ( 15...Nxb2 16.Qxb2 Bd7 17.e3 b6 { } ) 16.e3 Re4
17.Qc3 b6 18.Nd4 Bg6 { ?! } ( 18...Rxd4 19.Qxd4 bxc5 20.Qf4 Nxb2 { } ) 19.Bxc4
dxc4 20.O-O { ?! } ( 20.Qxc4 Rc8 21.c6 Ng4 22.O-O { } ) 20...bxc5 21.bxc5 Qd5
22.Rfc1 Rg4 { ?! } ( 22...Qxc5 23.Qxc4 Qh5 24.Qc7 Ree8 { } ) 23.f3 Rh4 24.g3
Rxd4 25.Qxd4 Qxf3 26.Rf1 Qe4 27.Rf4 Qe6 28.Qe5 { ?! } ( 28.Qxc4 Qxe3+ 29.Rf2
Ne4 30.Bd4 { } ) 28...Qc6 { ?! } ( 28...Qxe5 29.Bxe5 Ne4 30.Rc1 Re8 { } )
29.Rxc4 Rd8 30.Rd4 Re8 31.Qd6 Qb5 32.Rb4 Qe2 33.Qf4 Nh5 34.Qf2 Qa6 35.Qf3 Qc8
36.c6 a5 37.Rh4 Nf6 38.Bxf6 gxf6 39.Rc1 Qc7 40.Qxf6 Re6 41.Qf4 Qc8 42.c7 Re8
43.Qg4 Re6 44.Qxe6 { } {#r} 1-0

[Event "It (cat.7)"]
[Site "masterchessopen.com Budapest (Hungary)"]
[Date "2005.11.13"]
[Round "8"]
[White "Radziewicz Iweta (POL)"]
[Black "Szabo Krisztian (HUN)"]
[Result "1-0"]
[WhiteElo "2453"]
[BlackElo "2390"]

1.d4 Nf6 2.c4 e6 3.Nc3 Bb4 4.Qc2 d5 5.a3 Bxc3+ 6.Qxc3 Ne4 7.Qc2 c5 8.dxc5 Nc6
9.cxd5 exd5 10.Nf3 Bf5 11.b4 O-O 12.Bb2 Bg6 13.e3 d4 14.Bd3 Re8 15.Nxd4 Nxd4
16.Bxd4 Ng3 17.hxg3 Qxd4 18.Rd1 Qe5 19.Bxg6 hxg6 20.O-O a5 21.Rd7 axb4 22.axb4
Re7 23.Rxe7 Qxe7 24.Rd1 Qe6 25.b5 Ra2 26.Qd3 Kh7 27.Qd4 g5 28.Qd5 Qxd5 29.Rxd5
Ra5 30.b6 Kg6 31.g4 Ra1+ 32.Kh2 Kf6 33.Rd7 Ra5 34.Rc7 Ke6 35.Kg3 g6 36.Kf3 f5
37.c6 bxc6 38.Rxc6+ Kf7 39.gxf5 gxf5 40.g4 fxg4+ 41.Kxg4 Rb5 42.e4 Kg7 43.f3
Kf7 44.b7 Rxb7 45.Kxg5 {#r} 1-0

[Event "It (open) (w)"]
[Site "masterchessopen.com Zadar (Croatia)"]
[Date "2005.12.18"]
[Round "9"]
[White "Medic Mirjana (CRO)"]
[Black "Voiska Margarita (BUL)"]
[Result "0-1"]
[WhiteElo "2250"]
[BlackElo "2309"]

1.d4 Nf6 2.c4 e6 3.Nc3 Bb4 4.Qc2 d5 5.a3 Bxc3+ 6.Qxc3 Ne4 7.Qc2 Nc6 8.e3 e5
9.cxd5 Qxd5 10.Bc4 Qa5+ 11.b4 Nxb4 12.Qxe4 Nc2+ 13.Ke2 Qe1+ 14.Kf3 Nxa1 15.Bb2
O-O 16.Kg3 h6 17.h3 Qd2 18.Qb1 Qc2 19.Qxc2 Nxc2 20.Nf3 exd4 21.Rc1 Nxe3
22.fxe3 dxe3 23.Ne5 c6 24.Re1 Be6 25.Bxe6 fxe6 26.Rxe3 Rac8 27.Nc4 Rcd8
28.Rxe6 Rd3+ 29.Kh2 Rb3 30.Re2 Rf5 31.Nd6 Rd5 32.Nc8 Rd7 33.Ne7+ Rxe7 {#R} 0-1

[Event "It (cat.12)"]
[Site "masterchessopen.com Pulvermuehle (Germany)"]
[Date "2006.03.04"]
[Round "8"]
[White "Braun Arik (GER)"]
[Black "Lahno Kateryna (UKR)"]
[Result "0-1"]
[WhiteElo "2525"]
[BlackElo "2459"]

{ Braun Arik (GER) +1 =0 -0 } 1.d4 Nf6 2.c4 e6 3.Nc3 Bb4 4.Qc2 d5 5.a3 Bxc3+
6.Qxc3 Ne4 7.Qc2 Nc6 8.e3 e5 9.cxd5 ( 9.Bd3 Nf6 10.dxe5 Nxe5 11.Nf3 Nxd3+
12.Qxd3 O-O 13.cxd5 Qxd5 14.Qxd5 Nxd5 15.O-O Rd8 16.e4 Nb6 17.Bf4 c6 18.Bc7
Re8 19.Rfe1 Na4 20.b3 Nc5 21.Nd2 Ne6 22.Be5 f6 23.Bc3 b6 24.f3 Ba6 25.Nf1 Nf4
26.Bd2 Ne2+ 27.Kf2 Nd4 28.Reb1 Rad8 { ...1/2-1/2, Maderna Carlos H - Golombek
Harry 2320 , Warsaw 1935 Olympiad } ) ( 9.f3 Nf6 10.cxd5 Qxd5 11.Bc4 Qd6
12.Ne2 exd4 13.Bb5 O-O 14.Bxc6 d3 15.Qc3 bxc6 16.Ng3 c5 17.e4 Qd4 18.Qxd4 cxd4
19.Bf4 Ba6 20.Rc1 Rfb8 21.b4 Rb7 22.Nf5 Re8 23.Kd2 g6 24.Nxd4 Nd7 25.Rc6 Rb6
26.Rxc7 Nf8 27.Rxa7 Ne6 28.Nxe6 Rbxe6 { ...1-0, Grigorian Levon - Maslov
Leonid P 2300 , Tashkent 1974 Ch Uzbekistan } ) 9...Qxd5 10.Bc4 Qa5+ 11.b4 (
11.Bd2 { -0.64 CAP } ) 11...Nxb4 12.Qxe4 Nc2+ 13.Ke2 Qe1+ 14.Kf3 Nxa1 15.Bb2
O-O ( 15...Be6 16.d5 O-O-O 17.dxe6 fxe6 18.Bxe5 Rhf8+ 19.Kg4 Rxf2 20.Nh3 h5+
21.Kxh5 Rh8+ 22.Kg6 Rxg2+ 23.Qxg2 Qxe3 24.Bf4 Qd4 25.Bxe6+ Kb8 26.Bg5 Qd3+
27.Kf7 Qh7 28.Ke7 Qg6 29.Bd7 Qd6+ 30.Kf7 Qxd7+ 31.Be7 Qf5+ 32.Kxg7 Rh7+ { 0-1,
Lazarev Vladimir 2450 - Sokolov Andrei 2565 , France 1998 Ch France (team)
1997/98 } ) 16.Kg3 { = } 16...h6 ( 16...Kh8 17.Nf3 Qxh1 18.Ng5 f5 19.Qxe5 Bd7
20.Nf7+ Rxf7 21.Bxf7 f4+ 22.exf4 Qd1 23.f3 Nc2 24.Bc3 Qd3 25.d5 Rg8 26.Kf2 Qa6
27.Bxg8 Qb6+ 28.Ke2 Qg6 29.Kf2 Kxg8 30.Qxc7 Qb6+ 31.Qxb6 axb6 32.Bb2 b5 33.Ke2
b4 34.a4 { 0-1, Hillarp Persson Tiger 2445 - Timman Jan H 2625 , Copenhagen
1997 It (open) } ) ( 16...Re8 17.Qf3 { -1.91 CAP } ) 17.h4 ( 17.h3 Re8 (
17...Qd2 18.Qb1 Qc2 19.Qxc2 Nxc2 20.dxe5 Bf5 21.Nf3 b5 22.Bb3 b4 23.Rc1 {
-0.52 CAP } ) 18.Kh2 Qxf2 19.Bxa1 Bf5 20.Qxb7 Qxe3 21.Qf3 Qxf3 22.Nxf3 exd4
23.Nxd4 Bg6 24.Nc6 Be4 25.Nd4 Bg6 26.Rf1 Re4 27.Bd5 Rd8 28.Bxe4 Bxe4 29.Rc1 c6
30.g4 Rd6 31.Kg3 f6 32.Re1 Bg6 33.Rc1 Be4 34.Rc5 a6 35.Bc3 Kf7 36.Kf2 Ke8 {
...1-0, Khismatullin Denis 2578 - Kalegin Evgenij 2470 , Izhevsk 23. 3.2005 Ch
PriFO } ) 17...Re8 { +0.00 CAP } ( 17...Kh8 18.Kh2 Qxf2 19.Bxa1 Bf5 20.Nh3
Bxh3 21.Kxh3 f5 22.Qxe5 Rae8 23.Be6 f4 24.exf4 Rxf4 25.g3 Rf6 26.d5 c6 27.Qh5
Rfxe6 28.dxe6 Rxe6 29.Qg4 Qf7 30.Bxg7+ Kh7 31.h5 Rd6 32.Bb2 Rd5 33.Qe4+ Kg8
34.Qg6+ Qxg6 35.hxg6 Rf5 36.g7 { 1-0, Toth Bela 2365 - Varnusz Egon 2345 ,
Hungary 1969 Ch Hungary } ) ( 17...Bd7 { -2.13 CAP } ) 18.h5 { N } ( 18.Kh2
Qxf2 19.Bxa1 Bf5 20.Qxb7 ( 20.Nh3 Bxe4 21.Nxf2 exd4 22.Bxd4 Rad8 23.Rf1 Bd5
24.Bd3 b6 25.Re1 Rd6 26.e4 Be6 27.Be5 Rdd8 28.Bxc7 Rd4 29.Be5 Rdd8 30.Bc7 {
1/2-1/2, Fodor Istvan 2011 - Vargyas Zoltan 2166 , Budapest 2003 Tournament
(Elo) (a) } ) 20...exd4 21.Nf3 Be4 22.Qxc7 Bxf3 23.Qxf7+ Kh8 24.Qxf3 Qxh4+
25.Kg1 Qe1+ 26.Bf1 Qxa1 27.Rxh6+ gxh6 28.Qf6+ { 1/2-1/2, Kasparov Garry 2813 -
Adams Michael 2740 , Izmir 7.10.2004 Cup European Club } ) 18...Qd2 19.Qb1 Qc2
20.Qa2 Qf5 21.Qxa1 { ? } ( 21.Bxa1 exd4 22.Bxd4 b5 23.Bb3 { } ) 21...exd4
22.Nf3 Qg4+ 23.Kh2 dxe3 24.fxe3 Qxc4 25.Bxg7 Qe6 26.Bh8 Qd6+ 27.Kg1 f6 28.Bxf6
Rxe3 29.Kf2 Rxa3 30.Qb2 Qb6+ 31.Qxb6 axb6 32.Re1 Ra2+ 33.Kg3 Kf7 34.Bd8 Be6
35.Ne5+ Kg7 36.Bxc7 Bd5 37.Nf3 Kf6 38.Bxb6 Rg8+ 39.Kf4 Bxf3 40.Bd4+ Kf7
41.gxf3 Ra4 42.Re4 Rg5 43.Ke3 Rxh5 44.Rf4+ Ke6 { } {#R} 0-1

[Event "Ch World FIDE (KO-system) (w)"]
[Site "masterchessopen.com Ekaterinburg (Russia)"]
[Date "2006.03.16"]
[Round "3"]
[White "Cmilyte Viktorija (LTU)"]
[Black "Kosteniuk Alexandra (RUS)"]
[Result "1-0"]
[WhiteElo "2469"]
[BlackElo "2534"]

{ } 1.d4 Nf6 2.c4 e6 3.Nc3 Bb4 4.Qc2 d5 5.a3 Bxc3+ 6.Qxc3 Ne4 7.Qc2 c5 8.dxc5
Nc6 9.e3 Qa5+ 10.Bd2 Qxc5 { = } ( 10...Nxd2 11.Qxd2 dxc4 12.Bxc4 Qxc5 13.Rc1
Qa5 14.Rc3 O-O 15.Nf3 Rd8 16.Qc2 Ne5 17.Nxe5 Qxe5 18.Bd3 f5 19.O-O Bd7 20.Rc1
Bc6 21.b4 Rd7 22.Rc5 Rd5 23.Be2 Rxc5 24.Qxc5 Qxc5 25.Rxc5 Rd8 26.f3 Kf8 27.Kf2
Ke7 28.Ke1 Kd6 { 1/2-1/2, Kramnik Vladimir 2760 - Gelfand Boris 2713 , Monaco
1999 It "Melody Amber" (active) } ) 11.Rc1 { +0.04 CAP } ( 11.b4 Qe7 12.Nf3 (
12.Bc3 Nxc3 { +0.41 CAP } ) 12...O-O 13.Bd3 Nxd2 14.Nxd2 h6 15.O-O Ne5 16.Be2
Nxc4 17.Nxc4 dxc4 18.Qxc4 b6 19.Rac1 Rd8 20.Rfd1 Rxd1+ 21.Bxd1 Bd7 22.Qa6 Qd8
23.Bf3 Rc8 24.Rd1 Qc7 25.h3 Be8 26.h4 Kf8 27.h5 Ke7 28.a4 Rd8 29.Rxd8 Kxd8
30.a5 Ke7 { ...1/2-1/2, Sokolov Ivan 2625 - Lobron Eric 2580 , Amsterdam 1994
Memorial J.Donner } ) 11...a5 { N } ( 11...Nxd2 12.Qxd2 dxc4 ( 12...d4 13.exd4
Qxd4 14.Nf3 Qxd2+ 15.Kxd2 f6 16.Kc3 e5 17.b4 { 1/2-1/2, Kiriakov Petr 2553 -
Ward Christopher 2513 , Copenhagen 2002 It (open) "Politiken Cup" } ) 13.Bxc4
Qg5 14.f4 Qh4+ 15.Qf2 Qxf2+ 16.Kxf2 Bd7 17.Nf3 Ke7 18.Rhd1 Rhd8 19.e4 Be8
20.Rxd8 Rxd8 21.Ke3 Rc8 22.Ba2 Bd7 23.Rc3 Nd8 24.Rxc8 Bxc8 25.e5 Bd7 26.g4 Bc6
27.Nd4 Bg2 28.h4 h6 29.g5 hxg5 30.fxg5 g6 31.Bc4 { ...1/2-1/2, Sretenskij
Nikolai V 2433 - Landa Konstantin 2591 , Moscow 1999 Cup Russia (open) } )
12.Nf3 Nxd2 13.Qxd2 dxc4 14.Bxc4 Ne5 15.Be2 Nxf3+ 16.Bxf3 Qb6 17.O-O O-O
18.Rfd1 e5 19.Qc3 f6 20.Qc7 Qxc7 21.Rxc7 Rb8 22.Rd6 b5 { ?! } ( 22...h6
23.Bd5+ Kh7 24.Be4+ Kg8 { } ) 23.Ra7 a4 24.h4 Bf5 { ?! } ( 24...Kh8 25.Be4 Kg8
26.f3 h6 { } ) 25.Bd5+ Kh8 26.e4 Bc8 27.Rf7 Re8 28.Re7 Rf8 29.Rc6 Bb7 30.Rcc7
Bxd5 31.exd5 Rg8 32.h5 h6 33.Rb7 { ?! } ( 33.d6 Kh7 34.d7 Rgd8 35.Kh2 { } )
33...Rgd8 34.Rbc7 Rg8 { ?! } ( 34...Rxd5 35.Rxg7 Rd1+ 36.Kh2 Rd2 { } ) 35.Rb7
{ ?! } ( 35.d6 Kh7 36.d7 Rgd8 37.Kh2 { } ) 35...Rgd8 36.Ra7 Rg8 { ?! } (
36...Rxd5 37.Rxg7 Rd1+ 38.Kh2 Rd2 { } ) 37.d6 Rb6 { ?! } ( 37...Rbd8 38.d7 g6
39.hxg6 Rg7 { } ) 38.d7 Rbb8 39.f3 Rgd8 40.Rb7 Ra8 41.Rxb5 Kg8 42.Rb6 Rf8
43.Rbe6 Rad8 44.Kf2 f5 45.Rxe5 f4 46.Re4 { } {#r} 1-0

[Event "It (cat.8)"]
[Site "masterchessopen.com Budapest (Hungary)"]
[Date "2006.04.10"]
[Round "10"]
[White "Hera Imre Jr (HUN)"]
[Black "Szabo Krisztian (HUN)"]
[Result "1-0"]
[WhiteElo "2510"]
[BlackElo "2476"]

1.d4 Nf6 2.c4 e6 3.Nc3 Bb4 4.Qc2 d5 5.a3 Bxc3+ 6.Qxc3 Ne4 7.Qc2 c5 8.dxc5 Nc6
9.cxd5 exd5 10.Nf3 Bf5 11.b4 O-O 12.Bb2 Re8 13.Qb3 b6 14.cxb6 Qxb6 15.e3 Rad8
16.Nd4 Nxd4 17.Bxd4 Qg6 18.f3 Nd6 19.Kf2 Bc2 20.Qb2 Rc8 21.Rc1 Nf5 22.Rxc2
Nxe3 23.Rxc8 Rxc8 24.Bxe3 Rc2+ 25.Qxc2 Qxc2+ 26.Be2 Qb2 27.Rd1 Qxa3 28.Rxd5 h6
29.Rd8+ Kh7 30.Bd3+ g6 31.Bd4 {#r} 1-0

[Event "It (open)"]
[Site "masterchessopen.com Condom (France)"]
[Date "2006.07.09"]
[Round "2"]
[White "Marciniak Gerard (FRA)"]
[Black "Gaponenko Inna (UKR)"]
[Result "0-1"]
[WhiteElo "2141"]
[BlackElo "2448"]

1.d4 Nf6 2.c4 e6 3.Nc3 Bb4 4.Qc2 d5 5.a3 Bxc3+ 6.Qxc3 Ne4 7.Qc2 c5 8.dxc5 Nc6
9.Nf3 Qa5+ 10.Bd2 Qxc5 11.e3 Nxd2 12.Nxd2 d4 13.b4 Qe7 14.exd4 Nxd4 15.Qc3 Qf6
16.Rc1 O-O 17.Be2 Bd7 18.Bf3 Bc6 19.Bxc6 bxc6 20.Qe3 Rad8 21.Ne4 Qg6 22.O-O f5
23.Nc3 f4 24.Qe5 Nf3+ {#R} 0-1

[Event "It (open)"]
[Site "masterchessopen.com Amsterdam (Netherlands)"]
[Date "2006.07.16"]
[Round "2"]
[White "Cox John J (ENG)"]
[Black "Overeem Marc (NED)"]
[Result "1-0"]
[WhiteElo "2414"]
[BlackElo "2222"]

1.d4 Nf6 2.c4 e6 3.Nc3 Bb4 4.Qc2 d5 5.a3 Bxc3+ 6.Qxc3 Ne4 7.Qc2 c5 8.dxc5 Nc6
9.cxd5 exd5 10.Nf3 Bf5 11.b4 O-O 12.Bb2 Ng3 13.Qc3 d4 14.Nxd4 Nxd4 15.fxg3
Nc2+ 16.Kf2 Qg5 17.Rc1 Rfe8 18.Rxc2 Bxc2 19.Qxc2 Qe3+ 20.Ke1 Rad8 21.Bc1 Qd4
22.e3 Qa1 23.Kf2 Qf6+ 24.Kg1 Qe5 25.Be2 Re7 26.Kf2 h5 27.Rd1 Rxd1 28.Qxd1 Qf5+
29.Kg1 Rd7 30.Qb3 a6 31.h4 Kh7 32.Qc4 f6 33.e4 Qe5 34.Bf4 Qd4+ 35.Qxd4 Rxd4
36.Bf3 g6 37.e5 fxe5 38.Bxe5 {#r} 1-0

[Event "Ch European Union"]
[Site "masterchessopen.com Liverpool (England)"]
[Date "2006.09.11"]
[Round "6"]
[White "Eggleston David (ENG)"]
[Black "Hanley Craig (ENG)"]
[Result "0-1"]
[WhiteElo "2239"]
[BlackElo "2427"]

1.d4 Nf6 2.c4 e6 3.Nc3 Bb4 4.Qc2 d5 5.a3 Bxc3+ 6.Qxc3 Ne4 7.Qc2 c5 8.dxc5 Nc6
9.cxd5 exd5 10.Nf3 Bf5 11.b4 O-O 12.Qb2 d4 13.g3 Re8 14.Bg2 Nc3 15.O-O Nxe2+
16.Kh1 Qf6 17.Bg5 Qe6 18.b5 Na5 19.Rfe1 d3 20.Nd2 Bh3 21.Bf3 Qf5 22.Qb4 Qxg5
23.Qxa5 Qxc5 24.Bxb7 Rab8 25.Bg2 Rxb5 26.Qa4 Qxf2 27.Bxh3 Nxg3+ 28.hxg3 Rxe1+
29.Rxe1 Qxe1+ 30.Nf1 Rh5 31.Kg2 Qe2+ 32.Kg1 Rxh3 33.Qd7 Rh1+ 34.Kxh1 Qxf1+
35.Kh2 h5 36.Qc8+ Kh7 37.Qd7 Qf2+ 38.Kh1 d2 39.Qd3+ g6 40.Qd5 Qf1+ 41.Kh2 d1=R
{#R} 0-1

[Event "Ch Croatia (team)"]
[Site "masterchessopen.com Sibenik (Croatia)"]
[Date "2006.09.27"]
[Round "6"]
[White "Stohl Igor (SVK)"]
[Black "Bilobrk Franjo (CRO)"]
[Result "1-0"]
[WhiteElo "2551"]
[BlackElo "2381"]

1.d4 Nf6 2.c4 e6 3.Nc3 Bb4 4.Qc2 d5 5.a3 Bxc3+ 6.Qxc3 Ne4 7.Qc2 c5 8.dxc5 Na6
9.Nf3 Qa5+ 10.Nd2 O-O 11.e3 Naxc5 12.b4 Qa4 13.Qxa4 Nxa4 14.Nxe4 dxe4 15.Bd2
Rd8 16.O-O-O Bd7 17.Be2 Rac8 18.Be1 Be8 19.Rxd8 Rxd8 20.Kc2 Rc8 21.Kb3 Nb6
22.b5 Nd7 23.Bb4 Nc5+ 24.Bxc5 Rxc5 25.Rd1 Rc8 26.a4 Kf8 27.a5 Ke7 28.Kb4 b6
29.Ra1 Kd8 30.axb6 axb6 31.Ra6 Rb8 32.Ra7 Bd7 33.f3 Kc8 34.fxe4 Rb7 35.Ra8+
Rb8 36.Ra6 e5 37.c5 bxc5+ 38.Kxc5 Kd8 39.Bc4 Rc8+ 40.Kb4 Rb8 41.Ra7 Rb6 42.Ka5
Rg6 43.b6 Rxg2 44.Ra8+ {#r} 1-0

[Event "Ch Netherlands (team) 2005/06 (play-off)"]
[Site "masterchessopen.com Netherlands"]
[Date "2006.10.14"]
[Round "2"]
[White "Van Wely Loek (NED)"]
[Black "Lautier Joel (FRA)"]
[Result "1-0"]
[WhiteElo "2676"]
[BlackElo "2656"]

{ Lautier Joel (FRA) +1 =0 -0 } 1.d4 Nf6 2.c4 e6 3.Nc3 Bb4 4.Qc2 d5 5.a3 Bxc3+
6.Qxc3 Ne4 7.Qc2 c5 8.dxc5 Nc6 9.cxd5 exd5 10.Nf3 Bf5 ( 10...Qa5+ 11.Bd2 Qxc5
12.Qxc5 Nxc5 13.Rd1 Be6 14.e3 O-O 15.Bb5 Rfc8 16.O-O h6 17.h3 Rc7 18.Rc1 Nb3
19.Rc3 Nxd2 20.Nxd2 Rcc8 21.Bxc6 bxc6 22.Rfc1 Rcb8 23.b3 Bd7 24.Nf3 a5 25.Nd4
Ra6 26.f3 Kf8 27.Kf2 Ke7 28.Ke2 Kd6 29.Kd2 Re8 30.Ke2 { ...1/2-1/2, Khalifman
Alexander 2655 - Yudasin Leonid 2630 , Vilnius 1995 Cup European Club } )
11.b4 { ?/= } 11...d4 ( 11...O-O 12.Bb2 Re8 13.Rd1 b6 14.e3 bxc5 15.Bb5 Re6
16.Qb3 Ne7 17.Be2 Bg4 18.h3 Bh5 19.O-O Rb8 20.Ba1 Qf8 21.Qa4 Rg6 22.Rfe1 Bxf3
23.Bxf3 Ng5 24.Bg4 h5 25.Bxh5 Nxh3+ 26.Kf1 Rh6 27.Bf3 Ng5 28.Bxd5 cxb4 29.axb4
Rh1+ 30.Ke2 Rh4 31.f4 { ...0-1, Macieja Bartlomiej 2592 - Aronian Levon 2724 ,
Merida 28. 8.2005 Ch Spain (team) (Honor div1) } ) 12.g4 ( 12.Qb2 O-O 13.b5
Qa5+ 14.Bd2 Nxd2 15.Nxd2 Qc3 16.Qxc3 dxc3 17.Nb3 Be6 18.bxc6 Bxb3 19.cxb7 Rab8
20.Rc1 c2 21.e3 Rxb7 22.Bd3 Ba4 23.Be4 Rb2 24.Kd2 Rc8 25.c6 f5 26.Bxf5 Rxc6
27.Be4 Rd6+ 28.Ke2 Rd1 29.Re1 Bb5+ 30.Kf3 Rxe1 31.Rxe1 Be2+ { ...0-1, Belov
Vladimir 2552 - Lautier Joel 2682 , Moscow 20. 2.2004 It (open) "Aeroflot" } )
12...Bg6 13.Qc4 d3 ( 13...Qe7 14.Bg2 Rd8 15.O-O h5 16.g5 h4 17.h3 Bf5 18.Bf4
f6 19.gxf6 Qxf6 20.b5 Be6 21.Qc1 Ne7 22.Be5 Qg6 23.Kh2 Nf5 24.Rg1 O-O 25.Bh1
Qh5 26.Rg2 d3 27.Qb2 Rf7 28.Rag1 dxe2 29.Bxg7 Qxf3 30.Bf6+ Neg3 31.Bxd8 Kh7
32.Qb1 Nf1+ 33.Rxf1 { ...1-0, Furman Semen 2550 - Averbakh Yuri L 2445 ,
Moscow 1948 Ch URS } ) 14.Be3 ( 14.Bg2 Qf6 15.Ra2 Ne5 16.Qb5+ Nc6 17.Qc4 Ne5
18.Qb5+ Nc6 { 1/2-1/2, Kramnik Vladimir 2760 - Anand Viswanathan 2771 ,
Dortmund 1999 It (cat.19) } ) 14...Qf6 15.Rd1 { +0.41 CAP } 15...dxe2 { ? N }
( 15...O-O-O 16.g5 Qc3+ 17.Qxc3 Nxc3 18.Rd2 Be4 19.Rg1 Rhe8 20.Bh3+ { } ) (
15...Rd8 16.g5 Qf5 17.Bg2 d2+ 18.Nxd2 Nxd2 19.Bxd2 O-O 20.Qf4 Qe6 21.Bxc6 bxc6
22.Rc1 f6 23.Rg1 fxg5 24.Qc4 Rd5 25.Rxg5 Re8 26.Be3 Be4 27.Rxd5 Bxd5 28.Qd4 h6
29.Rc3 Qg6 30.f3 Qh5 31.h4 Re6 32.Kf2 Kh7 33.a4 a6 34.Qf4 Rf6 35.Qg3 {
...1/2-1/2, Topalov Veselin 2757 - Anand Viswanathan 2781 , Bastia 2003 It
(active) (knockout system) "Corsica Masters" } ) 16.Bxe2 O-O 17.O-O Nc3 18.Rd6
Nxe2+ 19.Qxe2 Qe7 20.Rfd1 Rfe8 21.Rd7 Qe6 22.h3 Qb3 23.Rxb7 Qxa3 24.b5 Nb4
25.c6 Nc2 26.Rbd7 Nxe3 27.fxe3 Qc5 28.R1d5 Qc1+ 29.Qe1 Qa3 30.Nd4 h6 31.Kf2
Rac8 32.Nf5 Bxf5 33.Rxf5 f6 34.Qd2 Kh8 35.Rfd5 Qa1 36.Kg2 Qa4 37.Rd8 Qe4+
38.Kg3 Qh1 39.Rxc8 Qg1+ 40.Kf3 Qf1+ 41.Kg3 Qg1+ 42.Kh4 Rxc8 43.Kh5 Rg8 44.Rd8
Qh1 45.Rxg8+ Kxg8 46.Qd8+ Kf7 47.Qd7+ Kf8 48.c7 { } {#r} 1-0

[Event "Memorial M.Chigorin (open)"]
[Site "masterchessopen.com St. Petersburg (Russia)"]
[Date "2006.10.29"]
[Round "8"]
[White "Bocharov Dmitry (RUS)"]
[Black "Maiorov Nikita (BLR)"]
[Result "1-0"]
[WhiteElo "2577"]
[BlackElo "2481"]

{ } 1.d4 Nf6 2.c4 e6 3.Nc3 Bb4 4.Qc2 d5 5.a3 Bxc3+ 6.Qxc3 Ne4 7.Qc2 Nc6 8.e3
e5 { = } 9.f3 ( 9.cxd5 Qxd5 10.Bc4 Qa5+ 11.b4 Nxb4 12.Qxe4 Nc2+ 13.Ke2 Qe1+
14.Kf3 Nxa1 15.Bb2 O-O 16.Kg3 h6 17.h4 Re8 18.Kh2 Qxf2 19.Bxa1 Bf5 20.Qxb7
exd4 21.Nf3 Be4 22.Qxc7 Bxf3 23.Qxf7+ Kh8 24.Qxf3 Qxh4+ 25.Kg1 Qe1+ 26.Bf1
Qxa1 27.Rxh6+ gxh6 28.Qf6+ { 1/2-1/2, Kasparov Garry 2813 - Adams Michael 2740
, Izmir 7.10.2004 Cup European Club } ) ( 9.Nf3 Bf5 10.Bd3 exd4 11.exd4 O-O
12.O-O Re8 13.Re1 Qd6 14.b4 Bg6 15.Bb2 Nf6 16.Bxg6 hxg6 17.Ne5 dxc4 18.Qxc4
Qd5 19.Rec1 Qxc4 20.Rxc4 Nxe5 21.dxe5 Nd5 22.Re1 c6 23.g3 a5 24.Bd4 axb4
25.axb4 Ra4 26.Bc5 Rea8 27.e6 Ra1 28.Re4 fxe6 { ...1/2-1/2, Gurevich Mikhail
2605 - Winants Luc 2485 , Netherlands 1996 Ch Netherlands (team) 1995/96 } )
9...Nf6 10.dxe5 ( 10.cxd5 Qxd5 11.Bc4 Qd6 12.Ne2 exd4 13.Bb5 O-O 14.Bxc6 d3
15.Qc3 bxc6 16.Ng3 c5 17.e4 Qd4 18.Qxd4 cxd4 19.Bf4 Ba6 20.Rc1 Rfb8 21.b4 Rb7
22.Nf5 Re8 23.Kd2 g6 24.Nxd4 Nd7 25.Rc6 Rb6 26.Rxc7 Nf8 27.Rxa7 Ne6 28.Nxe6
Rbxe6 29.Rc1 g5 { ...1-0, Grigorian Levon - Maslov Leonid P 2300 , Tashkent
1974 Ch Uzbekistan } ) 10...Nxe5 11.cxd5 Qxd5 12.e4 { +0.33 CAP } 12...Qa5+ {
N } ( 12...Qd4 13.Bf4 Nc6 14.Rd1 Qb6 15.Qc3 Be6 16.b4 Ne7 17.Bxc7 Qc6 18.Qxc6+
Nxc6 19.Bb5 O-O 20.Bxc6 bxc6 21.Ne2 Rfc8 22.Ba5 c5 23.b5 Rab8 24.Nc3 Nd7 25.f4
f5 26.g4 g6 27.gxf5 gxf5 28.Nd5 Kf7 29.Ne3 Rxb5 30.exf5 Rxa5 31.fxe6+ Kxe6
32.f5+ { ...1/2-1/2, Likavsky Tomas 2498 - Petrik Tomas 2523 , Banska
Stiavnica 11. 7.2006 Ch Slovakia } ) 13.Bd2 Qb6 14.Qc3 Qe6 15.Ne2 O-O 16.Rc1
Rd8 17.Nd4 Qe7 18.Be3 Bd7 19.Be2 Rac8 20.Qc5 Qxc5 21.Rxc5 Ng6 22.b4 Ne8 23.Kf2
Nd6 24.Rhc1 c6 25.R5c2 Ne5 26.Nb3 b6 27.Bf4 f6 28.Nd4 Ndf7 29.Ba6 Rb8 30.Bc4
c5 { ?! } ( 30...Be8 { !? } 31.Bxf7+ Kxf7 32.Bxe5 fxe5 33.Nxc6 Bxc6 34.Rxc6
Rd2+ 35.Kf1 Rbd8 36.Rc7+ R8d7 37.Rxd7+ { } ) 31.bxc5 bxc5 32.Bxe5 fxe5 33.Ne6
Bxe6 34.Bxe6 Kf8 35.Bxf7 Kxf7 36.Rxc5 Rd2+ 37.Kg3 Rbb2 38.Rg1 Rd6 39.h4 Ra6
40.Rc7+ Kg8 41.h5 Rxa3 42.Rd1 { } {#r} 1-0